000 00385nam a2200145Ia 4500
008 230312s9999||||xx |||||||||||||| ||und||
020 _a9781305880139
082 _a005.756
_bSHE-M
100 _aSeries,Illustated
245 0 _aMicrosoft Office 365 Excel 2016 : comprehensive
260 _bCengage
_aUSA
_c2017
300 _a696
650 _aComputer
_vComputer programs
942 _cBK
999 _c17383
_d17383